000 00580nam a22001811c 4500
001 ht014739267
008 070116s2006 gw |||| 000u ger d
020 _a341228405x
_93-412-28405-x
041 _ager
100 1 _aFäßler, Peter E.
245 0 0 _aDurch den "Eisernen Vorhang" :
_bdie deutsch-deutschen Wirtschaftsbeziehungen 1949 - 1969 /
_cPeter E. Fäßler
264 _aKöln [u.a.] :
_bBöhlau,
_c2006
300 _aVII, 335 S. ; 230 mm x 150 mm
942 _cMG
040 _cRU-10907106
003 RU-10907106
999 _c8387
_d8387
490 0 _aWirtschafts- und sozialhistorische Studien
_v14